Techniques of grafting bet ween forest trees and local fruit-trees at future site of chamcar beirural enterprise center, kep city, បច្ចេកទេសបង្កាត់រុក្ខជាតិដោយសេរីរះរវាងឈើព្រៃ និងឈើហូបផ្លែក្នុងស្រុក នៅមជ្ឈដ្ឋាន អនាគតនៃមជ្ឈមណ្ឌលអផិវឌ្ឍន៍ជនបទចំការបី ក្រុងកែប, (Record no. 3225)
[ view plain ]
| 000 -LEADER | |
|---|---|
| fixed length control field | 00865nam a22001577a 4500 |
| 003 - CONTROL NUMBER IDENTIFIER | |
| control field | OSt |
| 005 - DATE AND TIME OF LATEST TRANSACTION | |
| control field | 20151106150243.0 |
| 008 - FIXED-LENGTH DATA ELEMENTS--GENERAL INFORMATION | |
| fixed length control field | 151106b xxu||||| |||| 00| 0 eng d |
| 040 ## - CATALOGING SOURCE | |
| Transcribing agency | RUA |
| 082 ## - DEWEY DECIMAL CLASSIFICATION NUMBER | |
| Classification number | FOR HUO 2001 B127 Or.1 |
| 100 ## - MAIN ENTRY--PERSONAL NAME | |
| 9 (RLIN) | 3455 |
| Personal name | HUON SOKNYMPH |
| 245 ## - TITLE STATEMENT | |
| Title | Techniques of grafting bet ween forest trees and local fruit-trees at future site of chamcar beirural enterprise center, kep city, បច្ចេកទេសបង្កាត់រុក្ខជាតិដោយសេរីរះរវាងឈើព្រៃ និងឈើហូបផ្លែក្នុងស្រុក នៅមជ្ឈដ្ឋាន អនាគតនៃមជ្ឈមណ្ឌលអផិវឌ្ឍន៍ជនបទចំការបី ក្រុងកែប, |
| 260 ## - PUBLICATION, DISTRIBUTION, ETC. (IMPRINT) | |
| Place of publication, distribution, etc. | Phnom Penh |
| Name of publisher, distributor, etc. | RUA |
| Date of publication, distribution, etc. | 2001 |
| 300 ## - PHYSICAL DESCRIPTION | |
| Extent | 58p. |
| Other physical details | ill. |
| Dimensions | 29cm. |
| 942 ## - ADDED ENTRY ELEMENTS (KOHA) | |
| Source of classification or shelving scheme | |
| Koha item type | FOR |
| Price effective from | Date last seen | Permanent Location | Not for loan | Date acquired | Source of classification or shelving scheme | Koha item type | Barcode | Lost status | Damaged status | Shelving location | Withdrawn status | Current Location | Full call number |
|---|---|---|---|---|---|---|---|---|---|---|---|---|---|
| 2015-11-06 | 2015-11-06 | Library Block B | 2015-11-06 | FOR | RUA017318 | B127 | Library Block B | FOR HUO 2001 B127 Or.1 | |||||
| 2015-11-06 | 2015-11-06 | Library Block B | 2015-11-06 | FOR | RUA030449 | B127 | Library Block B | FOR HUO 2001 B127 Or.2 | |||||
| 2015-11-06 | 2015-11-06 | Library Block B | 2015-11-06 | FOR | RUA030777 | B127 | Library Block B | FOR HUO 2001 B127 Or.3 | |||||
| 2015-11-06 | 2015-11-06 | Library Block B | 2015-11-06 | FOR | RUA030437 | B127 | Library Block B | FOR HUO 2001 B127 Or.4 | |||||
| 2015-11-06 | 2015-11-06 | Library Block B | 2015-11-06 | FOR | RUA031650 | Library Block B | FOR HUO 2001 B127 Or.5 | ||||||
| 2015-11-06 | 2015-11-06 | Library Block B | 2015-11-06 | FOR | RUA031050 | Library Block B | FOR HUO 2001 B127 Or.6 | ||||||
| 2015-11-06 | 2015-11-06 | Library Block B | 2015-11-06 | FOR | RUA031688 | Library Block B | FOR HUO 2001 B127 Or.7 | ||||||
| 2015-11-06 | 2015-11-06 | Library Block B | 2015-11-06 | FOR | RUA031507 | Library Block B | FOR HUO 2001 B127 Or.8 |